Handbook of environmental management and technology

Αποθηκεύτηκε σε:
Λεπτομέρειες βιβλιογραφικής εγγραφής
Κύριος συγγραφέας: Burke, Gwendolyn 1963-
Άλλοι συγγραφείς: Singh, Ben, Theodore, Louis
Μορφή: Βιβλίο
Γλώσσα:English
Δημοσίευση: Hoboken, NJ : John Wiley & Sons, 2005
Έκδοση:2nd ed.
Θέματα:
Ετικέτες: Προσθήκη ετικέτας
Δεν υπάρχουν, Καταχωρήστε ετικέτα πρώτοι!

MARC

LEADER 00000nam a2200000 i 4500
001 1/73831
008 080208s2005 eng d
020 |a 0-471-72237-5 
035 |l 10094485 
040 |a GR-MY-UA  |b gre  |e aacr 
041 0 |a eng 
082 0 |a 628  |2 (22) 
100 1 |a Burke, Gwendolyn  |d 1963- 
245 1 0 |a Handbook of environmental management and technology /  |c Gwendolyn Burke, Ben Ramnarine Singh, Louis Theodore 
250 |a 2nd ed. 
260 |a Hoboken, NJ :   |b John Wiley & Sons,   |c 2005 
300 |a xii, 806 σ.;  |b εικ.;  |c 24 εκ. 
504 |a Περιέχει βιβλιογραφικές παραπομπές και ευρετήριο 
650 0 0 |a Environmental management. 
650 0 0 |a Pollution. 
650 0 0 |a Technology. 
700 1 |a Singh, Ben. 
700 1 |a Theodore, Louis. 
852 |a INST  |b LESVOS  |e 20080208  |h 628 BUR  |p 005100040105  |q 005100040105  |t BK  |y 0 
901 |a BIBL1-2008-1 
909 |a Λ  |b 144891 
922 |a 1ΕΛΗ  |b 200801  |c ΕΠΕΑΕΚ2/ΤΠ  |d ΕΛΕΥΘΕΡΟΥΔΑΚΗΣ 
970 |a ΚΑΡΑ  |b ΓΙΑΣΕΜΗ  |z 2008/02/08